000
00438nam a2200181Ia 4500
008
090124s9999 xx 000 0 und d
082
_b
122398
100
_a
कदम बाबा
245
_a
रानजाई
250
_a
1
260
_c
1987
300
_a
289
600
_a
कदम बाबा
630
_a
रानजाई
700
_a
कदम बाबा
730
_a
रानजाई
942
_c
BOOK
999
_c
168484
_d
168484